Les spiritueux du monde (Avancé) - Statistiques

Statistiques générales
  • Ce quiz a été pris 38 fois
  • Le résultat moyen est 8 sur 15
Statistiques - réponses
Hint Réponse % Correct
Eau de vie aujourd'hui produite à partir de différentes matières agricoles, telles que le blé, le seigle, la betterave ou encore le raisin. Elle est très appréciée partout dans le monde, mais tout particulièrement en Ukraine, en Pologne et en Russie. Vodka
96%
Eau de vie produite sur une aire d'appellation charentaise, distillée principalement à partir d'Ugni blanc et vieillie en fût.
Cognac
81%
Eau de vie de grains, produite en majorité à base de céréales maltées et vieillie en fût. Elle est aujourd'hui produite à travers le monde, mais son origine se situe plutôt dans le nord du Royaume-Uni. En fonction de sa composition, elle peut porter différentes appellations telles que "Pure malt", "single malt" ou encore "Corn" ou "Rye". Whisky
73%
Eau de vie de plante, produite à partir d'agave. Produite principalement dans la région de Jalisco au Mexique. Tequila
69%
Eau de vie d'origine vinique, produite dans le sud-ouest de la France. Peut-être dite "Bas", "Haut", ou encore "Ténarèze". Armagnac
65%
Eau de vie de fruit, dont le nom en allemand signifie "cerise". Possède entre autres une AOC si produite à Fougerolles. Kirsch
65%
Eau de vie de cidre, pouvant porter l'appellation "Domfrontais ou "Pays d'Auge". Calvados
50%
Eau de vie de plante, produite à partir d'agave. Elle est produite dans plusieurs régions du Mexique telles que Oaxaca ou Guerrero. Mezcal
50%
Eau de vie d'origine agricole. Possédant une aromatisation par macérations ou infusion de différentes baies, épices, herbes, fruits, ou par adjonction d'extraits et arômes artificiels. En fonction de l'aromatisation finale, cette eau de vie peut porter différentes appellations telles que "Navy strenght", "Old tom" ou encore "Sloe". Gin
46%
Terme générique anglais, désignant l'ensemble des eaux de vie vinique. Son nom vient du Néerlandais et signifie "Vin brûlé". Brandy
42%
Eau de vie de raisin, obtenue par fermentation puis distillation des résidus de presse issus de l'industrie vinique. Peut-être dit de champagne ou de Bourgogne. Marc
38%
Eau de vie de raisin, originaire du Pérou ou du Chili, très appréciée en cocktail dit "sour". Pisco
38%
Eau de vie de plante, de style anglais ou hispanique, blanche ou vieillie, produite à partir de mélasse ou de miel de canne. Rhum traditionnel
35%
Eau de vie de plante, de style français, blanche ou vieillie, produite à partir de vesou. Possède une AOC depuis 1996 si produite en Martinique. Rhum agricole
31%
Eau de vie de canne à sucre, produite exclusivement à Haïti. Clairin
12%
Aucun quiz correspondant
Distribution des résultats
% des personnes avec chaque résultat
Percentile par nombre de réponses
Votre historique - résultats
Vous n’avez pas pris ce quiz